|
|
|
|
| LEADER |
00000nab a2200000 ar4500 |
| 001 |
vtls009321224 |
| 003 |
SK-MaSNL |
| 005 |
20260303055419.0 |
| 008 |
080813c20080804xo sr|p|||||||000 b|slo |
| 015 |
|
|
|a SNBRB2008/09
|2 snkbucl
|
| 038 |
|
|
|a SNKBUCL
|
| 040 |
|
|
|a SNKBUCL
|b slo
|c SNKBUCL
|e AACR2
|
| 041 |
0 |
|
|a slo
|
| 044 |
|
|
|a xo
|c SK
|
| 080 |
|
|
|a 796.332.093.1
|2 2001
|
| 245 |
0 |
0 |
|a Corgoň liga - 3. kolo
|
| 300 |
|
|
|b Fotogr., tab.
|
| 648 |
|
7 |
|a sezóna 2008/2009
|2 snkbucl
|9 1033714
|
| 650 |
0 |
7 |
|a futbal
|2 snkbucl
|9 3291
|
| 650 |
0 |
7 |
|a Corgoň liga
|2 snkbucl
|9 848915
|
| 650 |
0 |
7 |
|a 3. kolo
|2 snkbucl
|9 872645
|
| 773 |
0 |
|
|t Šport
|g Roč. 62, č. 180 (4.8.2008), s. 8-13
|x 0139-7001
|
| 852 |
|
|
|a SNK
|b KIS3GCP
|
| 999 |
|
|
|c 1727253
|d 1729183
|